Medzinárodný manažment

Guardado en:
Detalles Bibliográficos
Autor principal: Harničárová, Michaela
Formato: Libro
Lenguaje:eslovaco
Publicado: Prešov Bookman 2024
Edición:4. vydanie
Materias:
Etiquetas: Agregar Etiqueta
Sin Etiquetas, Sea el primero en etiquetar este registro!

MARC

LEADER 00000nam a2200000 4500
001 0315188
005 20260318150157.1
020 |a 978-80-8165-571-5 
041 0 |a slo 
044 |a SK 
245 1 0 |a Medzinárodný manažment  |c Michaela Harničárová 
250 |a 4. vydanie 
264 1 |a Prešov  |b Bookman  |c 2024 
300 |a 185 s. 
610 2 0 |a manažment medzinárodný 
610 2 0 |a podnikanie medzinárodné 
610 2 0 |a internacionalizácia 
610 2 0 |a integrácia ekonomická medzinárodná 
610 2 0 |a trh zahraničný 
610 2 0 |a spoločnosti nadnárodné 
610 2 0 |a etika podnikateľská 
610 2 0 |a zodpovednosť spoločenská 
610 2 0 |a podnikanie zodpovedné 
610 2 0 |a riadenie ľudských zdrojov 
610 2 0 |a doprava medzinárodná 
100 1 |a Harničárová, Michaela